Анализ влияния венчурных инвестиций на экономическое развитие России; Экономика России в XXI веке; Т. 1
| Parent link: | Экономика России в XXI веке: сборник научных трудов XII Международной научно-практической конференции "Экономические науки и прикладные исследования", г. Томск, 17-21 ноября 2015 г./ Национальный исследовательский Томский политехнический университет (ТПУ) ; ред. кол. Г. А. Барышева [и др.].— , 2015 Т. 1.— 2015.— [С. 172-179] |
|---|---|
| المؤلف الرئيسي: | |
| مؤلف مشترك: | |
| مؤلفون آخرون: | |
| الملخص: | Заглавие с титульного экрана В статье производится анализ влияния венчурных капиталовложений на национальную экономику. Исследуется текущее состояние численности венчурных фондов и их совокупной капитализации. Изучаются основные причины дестабилизации национального венчурного рынка. Определяется структура венчурных капиталовложений по отраслям экономики. |
| اللغة: | الروسية |
| منشور في: |
2015
|
| سلاسل: | Государственное управление трансформационными процессами в экономике |
| الموضوعات: | |
| الوصول للمادة أونلاين: | http://earchive.tpu.ru/handle/11683/15470 http://www.lib.tpu.ru/fulltext/c/2015/C40/V1/034.pdf |
| التنسيق: | الكتروني فصل الكتاب |
| KOHA link: | https://koha.lib.tpu.ru/cgi-bin/koha/opac-detail.pl?biblionumber=616762 |
MARC
| LEADER | 00000naa2a2200000 4500 | ||
|---|---|---|---|
| 001 | 616762 | ||
| 005 | 20250430124907.0 | ||
| 035 | |a (RuTPU)RU\TPU\conf\15013 | ||
| 035 | |a RU\TPU\conf\15012 | ||
| 090 | |a 616762 | ||
| 100 | |a 20160121d2015 k y0rusy50 ca | ||
| 101 | 0 | |a rus | |
| 102 | |a RU | ||
| 105 | |a y z 101zy | ||
| 135 | |a drgn ---uucaa | ||
| 181 | 0 | |a i | |
| 182 | 0 | |a b | |
| 200 | 1 | |a Анализ влияния венчурных инвестиций на экономическое развитие России |f Ю. В. Аксенова |g науч. рук. В. М. Кац | |
| 203 | |a Текст |c электронный | ||
| 225 | 1 | |a Государственное управление трансформационными процессами в экономике | |
| 300 | |a Заглавие с титульного экрана | ||
| 320 | |a [Библиогр.: с. 179 (9 назв.)] | ||
| 330 | |a В статье производится анализ влияния венчурных капиталовложений на национальную экономику. Исследуется текущее состояние численности венчурных фондов и их совокупной капитализации. Изучаются основные причины дестабилизации национального венчурного рынка. Определяется структура венчурных капиталовложений по отраслям экономики. | ||
| 337 | |a Adobe Reader | ||
| 461 | 1 | |0 (RuTPU)RU\TPU\conf\14421 |t Экономика России в XXI веке |o сборник научных трудов XII Международной научно-практической конференции "Экономические науки и прикладные исследования", г. Томск, 17-21 ноября 2015 г. |o в 2 т. |f Национальный исследовательский Томский политехнический университет (ТПУ) ; ред. кол. Г. А. Барышева [и др.] |d 2015 | |
| 463 | 0 | |0 (RuTPU)RU\TPU\conf\14422 |t Т. 1 |v [С. 172-179] |d 2015 | |
| 610 | 1 | |a труды учёных ТПУ | |
| 610 | 1 | |a электронный ресурс | |
| 610 | 1 | |a венчурные инвестиции | |
| 610 | 1 | |a экономическое развитие | |
| 610 | 1 | |a Россия | |
| 610 | 1 | |a капиталовложения | |
| 610 | 1 | |a национальная экономика | |
| 610 | 1 | |a венчурные фонды | |
| 610 | 1 | |a венчурный рынок | |
| 700 | 1 | |a Аксенова |b Ю. В. | |
| 702 | 1 | |a Кац |b В. М. |c экономист |c доцент Томского политехнического университета, кандидат физико-математических наук |f 1978- |g Вадим Маркович |4 727 |9 12405 | |
| 712 | 0 | 2 | |a Национальный исследовательский Томский политехнический университет (ТПУ) |b Институт социально-гуманитарных технологий (ИСГТ) |b Кафедра экономики (ЭКОН) |3 (RuTPU)RU\TPU\col\18375 |
| 801 | 2 | |a RU |b 63413507 |c 20210209 |g RCR | |
| 850 | |a 63413507 | ||
| 856 | 4 | |u http://earchive.tpu.ru/handle/11683/15470 | |
| 856 | 4 | |u http://www.lib.tpu.ru/fulltext/c/2015/C40/V1/034.pdf | |
| 942 | |c BK | ||